Statistiques concernant Pays par image n°6

Cliquez ici pour prendre le quiz!

Statistiques générales

  • Ce quiz a été pris 6 022 fois
  • Le résultat moyen est 8 sur 14

Statistiques - réponses

Réponse% Correct
Corée du Nord
85%
Royaume-Uni
84%
Italie
76%
Afrique du Sud
75%
Chine
72%
Tanzanie
69%
Israël / Palestine / Jordanie
56%
Afghanistan
55%
Nicaragua
54%
Irak
51%
Espagne
45%
Autriche
42%
Russie
41%
Namibie
24%

Distribution des résultats

Percentile par nombre de réponses

% des personnes avec chaque résultat

Votre développement - résultats

Vous n’avez pas pris ce quiz